States That Beat North Carolina - Statistics

General Stats
  • This quiz has been taken 271 times
  • The average score is 16 of 18
Answer Stats
Rank Category Answer % Correct
10 Tallest Building New York | Illinois | Pennsylvania | California | Georgia | Texas | Ohio | Washington | New Jersey
99%
7 Longest Coastline Alaska | Florida | California | Hawaii | Louisiana | Texas
98%
7 Most Populous State East of the Mississippi River Florida | New York | Pennsylvania | Illinois | Ohio | Georgia
95%
8 Highest Percent African-American Mississippi | Louisiana | Georgia | Maryland | Alabama | South Carolina | Delaware
95%
4 Richest Southern State Virginia | Texas | Georgia
95%
9 Most Endangered Species Hawaii | California | Florida | Alabama | Texas | Tennessee | Georgia | Virginia
94%
9(t) Most Precipitation Hawaii | Louisiana | Mississippi | Alabama | Florida | Tennessee | Georgia | Arkansas
94%
7 Largest State East of the Mississippi River Michigan | Florida | Wisconsin | Georgia | Illinois | New York
94%
7 Poorest Coastal State Mississippi | Alabama | South Carolina | Maine | Florida | Louisiana
94%
4 Most Populous Southern State Texas | Florida | Georgia
94%
7 Most TOTAL Number of Trump Voters in the 2016 Election Texas | Florida | California | Pennsylvania | Ohio | New York
92%
8 Most Counties or County-Equivalents Texas | Georgia | Virginia | Kentucky | Missouri | Kansas | Illinois
92%
7 Most Apples Grown Washington | New York | Michigan | Pennsylvania | California | Virginia
91%
5 Most Miles of the Appalachian Trail Virginia | Tennessee | Maine | Pennsylvania
90%
5 Closest State in the 2020 Election Georgia | Arizona | Wisconsin | Pennsylvania
85%
3 Largest Solar Power Production California | Arizona
76%
2 Most "horizontal" shape (average width / average height) Tennessee
75%
2 Latest Date of Admission of the 13 Colonies Rhode Island
58%
No matching quizzes found
Score Distribution
Percent of People with Each Score
Percentile by Number Answered
Your Score History
You have not taken this quiz